Taylor Swift - Paroles I Look In People's Windows - Statistiques

Statistiques générales
  • Ce quiz a été pris 30 fois
  • Le résultat moyen est 136 sur 180
Statistiques - réponses
Hint Réponse % Correct
Pré-refrain A
100%
Couplet 1 | Refrain I
100%
you
100%
Couplet 2 You
100%
it
93%
Like
93%
look
93%
the
93%
What
93%
what
93%
are
86%
at
86%
I'm
86%
in
86%
In
86%
me?
86%
people's
86%
their
86%
to
86%
up
86%
wind
86%
windows
86%
your
86%
and
79%
be
79%
case
79%
deranged
79%
eyes
79%
from
79%
if
79%
'if
79%
looked
79%
met
79%
mine
79%
more
79%
not
79%
on
79%
One
79%
only'
79%
Out,
79%
out,
79%
out
79%
so
79%
Refrain So
79%
some
79%
table
79%
They
79%
time
79%
weirdo
79%
you're
79%
addicted
71%
alright
71%
by
71%
chances
71%
Christmas
71%
death
71%
died
71%
had
71%
have
71%
know
71%
outside
71%
parties
71%
tiniest
71%
you'd
71%
attend
64%
breath
64%
Pré-refrain Does
64%
downtown
64%
Downtown,
64%
faces
64%
feel
64%
head
64%
knowing
64%
meant
64%
ponder
64%
still
64%
afflicted
57%
As
57%
away
57%
blowing
57%
drink
57%
friends
57%
golden
57%
now,
57%
now
57%
Now,
57%
over
57%
rose
57%
South,
57%
south,
57%
south
57%
spied
57%
tilted
57%
tried
57%
wine
57%
boarded
50%
carried
50%
catch
50%
feather
50%
got
50%
nice
50%
North
50%
searching
50%
stopped
50%
streets
50%
taken
50%
train
50%
bound
43%
glows
43%
Transfixed
43%
Aucun quiz correspondant
Distribution des résultats
% des personnes avec chaque résultat
Percentile par nombre de réponses
Votre historique - résultats
Vous n’avez pas pris ce quiz